Economa̕ colaborativa y trabajo en plataforma realidades y desafo̕s

Bibliographic Details
Main Author: Rodrg̕uez-Pięro Royo, Miguel
Other Authors: Hernǹdez Bejarano, Macarena
Format: eBook
Language:Spanish
Published: Albacete: Editorial Bomarzo, 2017
Subjects:
Online Access:Acceso restringido

MARC

LEADER 00000nam a22000007a 4500
005 20190328113118.0
007 cr|||| ||||
008 190328s2017 es |||||s|||| 00||0 spa d
020 |a 978-84-16608-96-6 
035 |a 23148 
040 |a vLex 
090 |c 8509  |d 8509 
100 1 |a Rodrg̕uez-Pięro Royo, Miguel 
245 1 0 |a Economa̕ colaborativa y trabajo en plataforma realidades y desafo̕s  |h [Recurso electrn̤ico] /  |c Miguel Rodrg̕uez-Pięro Royo, Macarena Hernǹdez Bejarano 
256 |a Servicio en ln̕ea 
260 |a Albacete:  |b Editorial Bomarzo,  |c 2017 
300 |a 1 recurso electrn̤ico 
506 1 |a Disponible solo en los productos indicados  |d vLex Global  |d vLex Global (Academic Edition, excluding Law Schools)  |d vLex Global (U.S. Academic Edition, Law Schools)  |d vLex Global (U.S. Academic Edition, excluding Law Schools)  |d vLex Global (Academic Edition, Law Schools) 
650 0 4 |a Economa̕ y negocios  |z Espaą 
700 1 |a Hernǹdez Bejarano, Macarena 
740 0 |a vLex Libros (Servicio en ln̕ea) 
856 4 0 |u http://vlex.com/source/economia-colaborativa-y-trabajo-en-plataforma-realidades-y-desafios-23148  |z Acceso restringido 
942 |c BOOK 
999 0 |a Economy and business